Counties of California - Sudden Death - Statistics

General Stats
  • This quiz has been taken 37 times
  • The average score is 32 of 58
Answers on the Grid
Answers color-coded by a green-red scale on the quiz's grid according to % correct below.
Alameda
Alpine
Amador
Banning-Lewis
Butte
Calaveras
Calexico
Casa de Leon
Cervezas
Colusa
Contra Costa
Cushenbury
Del Norte
Desert
El Dorado
Eureka
Ferris
Fomo
Fresno
Washington
General
Geronimo
Glenn
Hualapai
Humboldt
Imperial
Inyo
Kern
Kings
Lake
Lancaster
Las Platas
Lassen
Los Angeles
Lucerne
Madera
Marin
Mariposa
McLaren
Mendocino
Merced
Mesa
Mexicali
Mirage
Modoc
Mojave
Mono
Montana
Monterey
Napa
Navajo
Nevada
Nopales
Nuestras
Orange
Orchard
Placer
Plumas
Redwood
Riverside
Sacramento
San Benito
San Bernardino
San Diego
San Fernando
San Francisco
San Joaquin
San Luis Obispo
San Mateo
San Valentino
Santa Barbara
Santa Clara
Santa Claus
Santa Cruz
Santa Rosa
Shasta
Sierra
Silicon
Siskiyou
Solano
Sonoma
Stanislaus
Sutter
Tehama
Trinity
Tulare
Tuolumne
Ventura
Yolo
Yuba
 
Answer Stats
Answer % Correct
Inyo
83%
Shasta
83%
Sonoma
83%
Sutter
83%
Ventura
83%
Amador
67%
Butte
67%
El Dorado
67%
Humboldt
67%
Los Angeles
67%
Mariposa
67%
Mendocino
67%
Monterey
67%
Orange
67%
Placer
67%
San Bernardino
67%
San Diego
67%
San Francisco
67%
San Joaquin
67%
Sierra
67%
Siskiyou
67%
Solano
67%
Stanislaus
67%
Tulare
67%
Yolo
67%
Alameda
50%
Alpine
50%
Calaveras
50%
Colusa
50%
Contra Costa
50%
Fresno
50%
Glenn
50%
Imperial
50%
Kern
50%
Kings
50%
Lake
50%
Lassen
50%
Madera
50%
Merced
50%
Mono
50%
Nevada
50%
Plumas
50%
Riverside
50%
San Luis Obispo
50%
Santa Cruz
50%
Tehama
50%
Trinity
50%
Yuba
50%
Del Norte
33%
Marin
33%
Modoc
33%
Napa
33%
Sacramento
33%
San Benito
33%
San Mateo
33%
Santa Barbara
33%
Santa Clara
33%
Tuolumne
33%
No matching quizzes found
Score Distribution
Percent of People with Each Score
Percentile by Number Answered
Your Score History
You have not taken this quiz